[Event "SA-2018-0-00645"]
[Site "LSS email"]
[Date "2018.08.19"]
[Round "?"]
[White "Ortiz, Manuel"]
[Black "Jordan, Juergen"]
[Result "1/2-1/2"]
[WhiteElo "2265"]
[BlackElo "2151"]
[PlyCount "41"]
[EventDate "2018.07.27"]
[EventType "tourn (corr)"]
[EventRounds "6"]
[EventCountry "GER"]
[SourceTitle "Corr 2022"]
[Source "ChessBase"]
[SourceDate "2021.10.24"]
[SourceVersion "1"]
[SourceVersionDate "2021.10.24"]
[SourceQuality "1"]

1. e4 e6 2. d4 d5 3. e5 c5 4. c3 Nc6 5. Nf3 Bd7 6. Be2 Nge7 7. 0-0 Nf5 8. dxc5 Bxc5 9. Bd3 Nh4 10. Nbd2 Ng6 11. Nb3 Bb6 12. Re1 0-0 13. Nbd4 Bc7 14. Nxc6 bxc6 15. c4 f6 16. exf6 gxf6 17. Bh6 Rf7 18. Qc2 Ne7 19. Nh4 Kh8 20. Rad1 e5 21. Bc1 1/2-1/2